| 000 | 00993nam0a22002531 4500 | ||
|---|---|---|---|
| 001 | rc\3817349 | ||
| 005 | 20260406193234.0 | ||
| 021 |
_aRU _bРг3718-76 |
||
| 021 |
_aRU _b76-3293 |
||
| 035 | _a(NLR Aleph) 007268253 | ||
| 090 |
_a5381378 _c5381378 |
||
| 100 | _a20120410d1975 |||y0rusy50 ca | ||
| 101 | 0 | _arus | |
| 102 |
_aRU _aRU |
||
| 105 | _ay z ||||| | ||
| 200 | 1 |
_aНекоторые рекомендации по организации социалистического соревнования в аптечных учреждениях _fАптечное упр. Свердл. облисполкома. Свердл. науч. о-во фармацевтов |
|
| 210 |
_aСвердловск _cБ. и. _d1975 |
||
| 215 |
_a32 с. _d20 |
||
| 712 | 0 | 2 |
_aСвердловское областное аптечное управление _9407966 _3RU\NLR\AUTH\889955925 |
| 801 | 0 |
_aRU _bNLR _gpsbo |
|
| 801 | 1 |
_aRU _bELAR _2rusmarc |
|
| 852 |
_aNLR _j76-4/9080 |
||
| 942 | _cBOOK | ||
| 980 | _aNB | ||